000
00316nam a22001337a 4500
008
180214b xxu||||| |||| 00| 0 eng d
020
_a
655893001
041
_a
eng
080
_a
338
100
_a
54
101
_a
MEN
245
_a
Group power: a manager's guide to using meetings
_c
Daniels,.W,R
942
_2
udc
_c
BK
999
_c
42435
_d
42435